[Event "23rd Chicago Open"]
[Site "Wheeling, IL"]
[Date "2014.05.25"]
[Round "7.20"]
[White "Betaneli, Aleksandr"]
[Black "Santarius, Erik"]
[Result "1/2-1/2"]
[WhiteElo "2239"]
[BlackElo "2337"]
[PlyCount "23"]
[EventDate "2014.05.??"]
[EventRounds "9"]
[EventCountry "USA"]
[SourceDate "2014.01.04"]

1. e4 c5 2. Nc3 d6 3. g3 Nc6 4. Bg2 g6 5. d3 Bg7 6. Be3 e6 7. Qd2 Nge7 8. Bh6
Bf6 9. Bg5 Bg7 10. Bh6 Bf6 11. Bg5 Bg7 12. Bh6 1/2-1/2

[Event "23rd Chicago Open"]
[Site "Wheeling, IL"]
[Date "2014.05.25"]
[Round "7.22"]
[White "Homa, Seth"]
[Black "Tang, Andrew"]
[Result "1-0"]
[WhiteElo "2331"]
[BlackElo "2219"]
[PlyCount "115"]
[EventDate "2014.05.??"]
[EventRounds "9"]
[EventCountry "USA"]
[SourceDate "2014.01.04"]

1. d4 d5 2. Nf3 Nf6 3. c4 e6 4. Nc3 Be7 5. Bf4 O-O 6. e3 Nbd7 7. Be2 dxc4 8.
O-O Nb6 9. Ne5 c5 10. dxc5 Bxc5 11. Nxc4 Nxc4 12. Bxc4 Qe7 13. Qf3 h6 14. Be5
Bd6 15. Bxf6 Qxf6 16. Qxf6 gxf6 17. f4 Rd8 18. Rad1 Be7 19. Rxd8+ Bxd8 20. Rd1
Bb6 21. Kf2 Kf8 22. Be2 Ke7 23. Bh5 f5 24. h3 Rb8 25. Bf3 Bd7 26. g4 fxg4 27.
hxg4 Ba5 28. Ne2 Rc8 29. Be4 b5 30. Rh1 Bc6 31. Rc1 Bd7 32. Rh1 Bc6 33. Bxc6
Rxc6 34. Rh5 a6 35. a4 Rc2 36. axb5 Rxb2 37. bxa6 Bb6 38. Rxh6 Ra2 39. Rh5 Rxa6
40. Rb5 Ba7 41. Rb3 Ra4 42. Kf3 Bc5 43. Rb7+ Kf8 44. Rc7 Bb6 45. Rc6 Ba7 46.
Rc3 Ke7 47. Ng3 Bb6 48. Ne4 Ba5 49. Rd3 Ra1 50. g5 Bb4 51. Rb3 Ra4 52. Nf6 Ba5
53. Rb7+ Kf8 54. Nd7+ Ke8 55. Ne5 Ra3 56. Nxf7 Bd2 57. Nd6+ Kf8 58. Nc4 1-0

[Event "23rd Chicago Open"]
[Site "Wheeling, IL"]
[Date "2014.05.25"]
[Round "7.23"]
[White "Sapozhnikov, Roman"]
[Black "Yanayt, Eugene"]
[Result "1/2-1/2"]
[WhiteElo "2329"]
[BlackElo "2226"]
[PlyCount "127"]
[EventDate "2014.05.??"]
[EventRounds "9"]
[EventCountry "USA"]
[SourceDate "2014.01.04"]

1. d4 Nf6 2. c4 g6 3. Nc3 Bg7 4. Nf3 O-O 5. Bg5 h6 6. Bh4 d6 7. e3 g5 8. Bg3
Nh5 9. Qc2 f5 10. Be2 e5 11. dxe5 Nxg3 12. hxg3 dxe5 13. Qb3 e4 14. c5+ Kh7 15.
Rd1 Nd7 16. Nd4 Nxc5 17. Qa3 Nd3+ 18. Bxd3 exd3 19. Rxd3 c6 20. f4 gxf4 21.
gxf4 Be6 22. Kf2 Bc4 23. Rdd1 Qf6 24. Qb4 Ba6 25. Nb3 Rfd8 26. Qa5 Bf8 27. Nd4
c5 28. Nf3 Qb6 29. Qxb6 axb6 30. Ng5+ Kg6 31. Ne6 Rxd1 32. Rxd1 Be7 33. Rd7 Kf7
34. Ng7 Kxg7 35. Rxe7+ Kg6 36. Re6+ Kh5 37. Rxb6 Rd8 38. Rf6 Bd3 39. a4 Rb8 40.
Rb6 Ba6 41. Ne2 Bxe2 42. Kxe2 Ra8 43. b3 c4 44. bxc4 Rxa4 45. Kd3 Ra3+ 46. Kd4
Ra2 47. Rxb7 Rxg2 48. c5 Rd2+ 49. Ke5 Rd3 50. c6 Rxe3+ 51. Kd4 Re1 52. Rb4 Re8
53. Kd5 Kg4 54. c7 Rc8 55. Kd6 h5 56. Rb8 Rxc7 57. Kxc7 h4 58. Kd6 Kxf4 59. Rb3
Kg4 60. Ke5 h3 61. Rb4+ Kg3 62. Rb3+ Kg4 63. Rb4+ Kg3 64. Rb3+ 1/2-1/2

[Event "23rd Chicago Open"]
[Site "Wheeling, IL"]
[Date "2014.05.25"]
[Round "7.30"]
[White "Eckert, Doug"]
[Black "Smail, Benedict"]
[Result "1-0"]
[WhiteElo "2255"]
[BlackElo "2093"]
[PlyCount "69"]
[EventDate "2014.05.??"]
[EventRounds "9"]
[EventCountry "USA"]
[SourceDate "2014.01.04"]

1. c4 e6 2. g3 d5 3. Bg2 Nf6 4. Nf3 dxc4 5. Na3 a6 6. Nxc4 b5 7. Nce5 Bb7 8.
Nxf7 Kxf7 9. Ne5+ Kg8 10. Bxb7 Ra7 11. Bg2 c5 12. a4 Qc7 13. Nf3 b4 14. d3 Nc6
15. O-O Bd6 16. Qb3 Nd8 17. Be3 Nd5 18. Bd2 Qc8 19. Rac1 Rc7 20. Ng5 Nf6 21.
Bh3 Re7 22. Qxb4 h6 23. Ne4 Qa8 24. Nxf6+ gxf6 25. Qh4 Kg7 26. Rc4 h5 27. Bc3
Rh6 28. Bg2 Qb8 29. Qg5+ Rg6 30. Qxh5 e5 31. Rh4 Rg5 32. Qh8+ Kf7 33. Bd5+ Ne6
34. Rh7+ Kg6 35. Rh6+ 1-0

[Event "23rd Chicago Open"]
[Site "Wheeling, IL"]
[Date "2014.05.25"]
[Round "7.37"]
[White "Sciupokas, Arunas"]
[Black "Lucente, Mike"]
[Result "1-0"]
[WhiteElo "1946"]
[BlackElo "2048"]
[PlyCount "72"]
[EventDate "2014.05.??"]
[EventRounds "9"]
[EventCountry "USA"]
[SourceDate "2014.01.04"]

1. e4 d5 2. exd5 Qxd5 3. Nc3 Qd6 4. d4 Nf6 5. Nf3 a6 6. Be3 e6 7. Bd3 Nc6 8. a3
Be7 9. Qd2 O-O 10. O-O b6 11. Ne4 Qd7 12. Ne5 Nxe5 13. dxe5 Nd5 14. Bg5 Bxg5
15. Qxg5 Qe7 16. c4 Qxg5 17. Nxg5 h6 18. Nh7 Rd8 19. cxd5 exd5 20. f3 c5 21. g4
c4 22. Bc2 Bb7 23. g5 d4 24. Bf5 Re8 25. f4 hxg5 26. Nxg5 f6 27. Be4 Bxe4 28.
Nxe4 fxe5 29. Nd6 Re6 30. fxe5 Rxe5 31. Nxc4 Rg5+ 32. Kh1 b5 33. Nd2 Re8 34.
Rae1 Re3 35. Rxe3 dxe3 36. Ne4 Re5 1-0

[Event "23rd Chicago Open"]
[Site "Wheeling, IL"]
[Date "2014.05.25"]
[Round "7.38"]
[White "Haessel, Dale"]
[Black "Bayar, Anu"]
[Result "1-0"]
[WhiteElo "2181"]
[BlackElo "1996"]
[PlyCount "63"]
[EventDate "2014.05.??"]
[EventRounds "9"]
[EventCountry "USA"]
[SourceDate "2014.01.04"]

1. Nf3 d6 2. d4 g6 3. c4 Nf6 4. g3 Bg7 5. Bg2 O-O 6. Nc3 Nbd7 7. O-O a6 8. e4
e5 9. h3 exd4 10. Nxd4 Re8 11. Be3 Rb8 12. b3 c5 13. Nde2 b5 14. Qxd6 b4 15.
Na4 Nxe4 16. Bxe4 Rxe4 17. Rad1 Qe8 18. Nxc5 Rb6 19. Nxe4 Rxd6 20. Nxd6 Qf8 21.
Nf4 Ne5 22. Nxc8 Qxc8 23. Kg2 a5 24. Rd5 a4 25. Rfd1 Qc6 26. f3 h6 27. Bd4 Qc7
28. Bxe5 Bxe5 29. Rd8+ Kh7 30. R1d7 Qc5 31. Rxf7+ Bg7 32. Rxg7+ 1-0

[Event "23rd Chicago Open"]
[Site "Wheeling, IL"]
[Date "2014.05.25"]
[Round "7.40"]
[White "Norovsambuu, Badamkhand"]
[Black "Nieto, Guillermo"]
[Result "1-0"]
[WhiteElo "1980"]
[BlackElo "2015"]
[PlyCount "73"]
[EventDate "2014.05.??"]
[EventRounds "9"]
[EventCountry "USA"]
[SourceDate "2014.01.04"]

1. d4 Nf6 2. c4 e6 3. Nc3 Bb4 4. Qc2 Nc6 5. Nf3 O-O 6. e3 d6 7. Bd3 Qe7 8. a3
Bxc3+ 9. Qxc3 e5 10. d5 Nb8 11. e4 Nh5 12. O-O a5 13. Be3 f5 14. exf5 Bxf5 15.
Bxf5 Rxf5 16. b4 Nf4 17. Bxf4 Rxf4 18. c5 axb4 19. axb4 Rxa1 20. Rxa1 Na6 21.
c6 Rf8 22. cxb7 Nb8 23. Rc1 Rf7 24. Qe3 h6 25. Qa7 Rf8 26. b5 Qd8 27. b6 Rf7
28. h3 Kh7 29. Nd2 cxb6 30. Rc8 Qg5 31. Ne4 Qf4 32. Qxb8 Qxe4 33. Rh8+ Kg6 34.
Qxd6+ Rf6 35. Qxf6+ gxf6 36. b8=Q Qe1+ 37. Kh2 1-0

[Event "23rd Chicago Open"]
[Site "Wheeling, IL"]
[Date "2014.05.26"]
[Round "8.3"]
[White "Sadorra, Julio"]
[Black "Kannappan, Priyadharshan"]
[Result "0-1"]
[WhiteElo "2611"]
[BlackElo "2420"]
[PlyCount "78"]
[EventDate "2014.05.??"]
[EventRounds "9"]
[EventCountry "USA"]
[SourceDate "2014.01.04"]
[WhiteClock "0:27:15"]
[BlackClock "0:01:20"]

1. d4 d5 2. c4 dxc4 3. e3 Nf6 4. Bxc4 e6 5. Nf3 a6 6. O-O c5 7. Bd3 Nbd7 8. Re1
b5 9. e4 cxd4 10. e5 Nd5 11. a4 b4 12. Nxd4 Nc5 13. Bc2 Bb7 14. Nd2 Be7 15. Qg4
g5 16. Ne4 h5 17. Qg3 Nxe4 18. Bxe4 Rc8 19. a5 g4 20. Bd2 Bg5 21. Bxg5 Qxg5 22.
f4 h4 23. fxg5 hxg3 24. hxg3 Rc4 25. Rad1 Ke7 26. Rf1 Ne3 27. b3 Bxe4 28. bxc4
Bxg2 29. Rd3 Rh1+ 30. Kf2 Bxf1 31. Nc6+ Kf8 32. Rd8+ Kg7 33. Kxe3 b3 34. Rb8
Bxc4 35. Rb4 Rc1 36. Nd4 Rc3+ 37. Kf4 Bd5 38. Rb6 Rd3 39. Rb4 b2 0-1

[Event "23rd Chicago Open"]
[Site "Wheeling, IL"]
[Date "2014.05.26"]
[Round "8.4"]
[White "Perelshteyn, Eugene"]
[Black "Macieja, Bartlomiej"]
[Result "1/2-1/2"]
[WhiteElo "2513"]
[BlackElo "2605"]
[PlyCount "94"]
[EventDate "2014.05.??"]
[EventRounds "9"]
[EventCountry "USA"]
[SourceDate "2014.01.04"]
[WhiteClock "0:12:04"]
[BlackClock "0:03:03"]

1. e4 c6 2. d4 d5 3. e5 Bf5 4. Nf3 e6 5. Be2 Ne7 6. O-O c5 7. c4 Nbc6 8. Na3 a6
9. dxc5 d4 10. Bd3 Bxd3 11. Qxd3 Ng6 12. Qe4 Bxc5 13. Nc2 Qc7 14. Ncxd4 Bxd4
15. Nxd4 Qxe5 16. Qxe5 Ngxe5 17. Nxc6 Nxc6 18. Rd1 Ke7 19. Be3 Rhd8 20. Bb6
Rxd1+ 21. Rxd1 Ne5 22. b3 Nd7 23. Bc7 Ke8 24. Bd6 Rd8 25. Bc7 Rc8 26. Bd6 Rc6
27. a4 a5 28. Kf1 b6 29. Bf4 Nc5 30. Rb1 Kd7 31. Ke2 f6 32. Be3 Rd6 33. g4 e5
34. h4 g6 35. f3 Ke6 36. Bf2 f5 37. Be3 f4 38. Bd2 Rd4 39. b4 axb4 40. Rxb4 Rd6
41. a5 bxa5 42. Rb5 Rc6 43. Bxa5 Nd7 44. Kd3 Rd6+ 45. Ke2 Rd4 46. Rb4 e4 47.
fxe4 Rxe4+ 1/2-1/2

[Event "23rd Chicago Open"]
[Site "Wheeling, IL"]
[Date "2014.05.26"]
[Round "8.5"]
[White "Lenderman, Aleksandr"]
[Black "Bregadze, Levan"]
[Result "1/2-1/2"]
[WhiteElo "2582"]
[BlackElo "2428"]
[PlyCount "118"]
[EventDate "2014.05.??"]
[EventRounds "9"]
[EventCountry "USA"]
[SourceDate "2014.01.04"]

1. d4 Nf6 2. c4 g6 3. Nc3 Bg7 4. e4 d6 5. Nf3 O-O 6. Be2 c6 7. O-O a6 8. e5
dxe5 9. Nxe5 Nbd7 10. Bf4 Nxe5 11. Bxe5 Ne8 12. Bf3 Bxe5 13. dxe5 Ng7 14. Qe2
Qc7 15. Qe3 Be6 16. Qc5 Rad8 17. b3 Nf5 18. Be4 Nd4 19. f4 b6 20. Qa3 Bf5 21.
Rae1 b5 22. Qc5 Qa5 23. cxb5 Ne6 24. Qe3 axb5 25. h3 Nd4 26. Rf2 Bxe4 27. Nxe4
Nf5 28. Qe2 Rd3 29. Qxd3 Qxe1+ 30. Rf1 Qe3+ 31. Qxe3 Nxe3 32. Rc1 Ra8 33. Nc3
Ra3 34. Re1 Nf5 35. Re2 Nd4 36. Rd2 Ne6 37. g3 Ra5 38. Kf2 b4 39. Ne4 Nc5 40.
Ke3 Nxe4 41. Kxe4 Kf8 42. Rc2 Ke8 43. Rxc6 Rxa2 44. Rb6 Rh2 45. h4 Rg2 46. Kf3
Rc2 47. Rxb4 Rc3+ 48. Kg2 Rc2+ 49. Kh3 h5 50. Rb8+ Kd7 51. b4 Ke6 52. b5 Rb2
53. Rb6+ Kf5 54. Rb7 Ke6 55. b6 f6 56. exf6 Kxf6 57. Rb8 Kf7 58. Rb7 Kf6 59.
Rb8 Kf7 1/2-1/2

[Event "23rd Chicago Open"]
[Site "Wheeling, IL"]
[Date "2014.05.26"]
[Round "8.6"]
[White "Sevian, Samuel"]
[Black "Holt, Conrad"]
[Result "1/2-1/2"]
[WhiteElo "2446"]
[BlackElo "2555"]
[PlyCount "121"]
[EventDate "2014.05.??"]
[EventRounds "9"]
[EventCountry "USA"]
[SourceDate "2014.01.04"]

1. d4 d5 2. c4 c6 3. Nf3 Nf6 4. e3 Bg4 5. Nc3 e6 6. h3 Bxf3 7. Qxf3 Nbd7 8. Bd3
Bb4 9. Bd2 O-O 10. a3 Ba5 11. b4 Bc7 12. cxd5 cxd5 13. O-O Nb6 14. e4 dxe4 15.
Nxe4 Nxe4 16. Qxe4 g6 17. Qxb7 Nd5 18. Qa6 Qh4 19. Rfe1 Qxd4 20. Qc4 Qf6 21.
Be4 Rac8 22. Qe2 Rfd8 23. Qf3 Bb6 24. Qxf6 Nxf6 25. Bg5 Kg7 26. Bxf6+ Kxf6 27.
Ra2 Rc3 28. Kf1 Rd4 29. g3 Ke7 30. h4 Kd6 31. Bb1 Kd5 32. Kg2 Kc4 33. Ree2 Kb3
34. Reb2+ Kc4 35. Ra1 Kd5 36. a4 Bc7 37. a5 Kc6 38. b5+ Kb7 39. Bc2 Rcc4 40.
Raa2 Rb4 41. Rxb4 Rxb4 42. Bd3 f5 43. Be2 e5 44. Rd2 Kc8 45. Rd5 e4 46. h5 Rb2
47. Kf1 Rb1+ 48. Rd1 Rb2 49. Rd5 Rb1+ 50. Rd1 Rb4 51. Rd5 Rb2 52. Rc5 Kd8 53.
hxg6 hxg6 54. Rc6 g5 55. b6 axb6 56. axb6 Bb8 57. Rf6 Ke7 58. Rxf5 Rxb6 59.
Rxg5 Rb1+ 60. Kg2 Rb2 61. Kf1 1/2-1/2

[Event "23rd Chicago Open"]
[Site "Wheeling, IL"]
[Date "2014.05.26"]
[Round "8.7"]
[White "Margvelashvili, Giorgi"]
[Black "Xiong, Jeffrey"]
[Result "1-0"]
[WhiteElo "2550"]
[BlackElo "2412"]
[PlyCount "77"]
[EventDate "2014.05.??"]
[EventRounds "9"]
[EventCountry "USA"]
[SourceDate "2014.01.04"]

1. Nf3 d5 2. d4 Nf6 3. c4 e6 4. Bg5 Be7 5. Nc3 O-O 6. e3 h6 7. Bh4 Ne4 8. Bxe7
Qxe7 9. Rc1 Nxc3 10. Rxc3 dxc4 11. Bxc4 b6 12. Be2 c5 13. dxc5 bxc5 14. O-O Nd7
15. Qa4 Bb7 16. Rfc1 Rfd8 17. Qa5 Qd6 18. h3 Qb6 19. Qa3 a5 20. Ne1 Rab8 21. b3
Qb4 22. Qb2 Bd5 23. Nd3 Qh4 24. Qa3 e5 25. Nxc5 Rb6 26. Qa4 Qg5 27. e4 Bc6 28.
Qxa5 Nxc5 29. Qxb6 Bxe4 30. Bf1 Ne6 31. Qe3 Qg6 32. Re1 Rd4 33. Qg3 Qf6 34.
Rc8+ Kh7 35. Rxe4 Rxe4 36. Bd3 Ng5 37. Qg4 g6 38. Bxe4 h5 39. Qxh5+ 1-0

[Event "23rd Chicago Open"]
[Site "Wheeling, IL"]
[Date "2014.05.26"]
[Round "8.9"]
[White "Jimenez, Fidel"]
[Black "Nemcova, Katerina"]
[Result "1-0"]
[WhiteElo "2577"]
[BlackElo "2282"]
[PlyCount "77"]
[EventDate "2014.05.??"]
[EventRounds "9"]
[EventCountry "USA"]
[SourceDate "2014.01.04"]

1. e4 e5 2. Nf3 Nc6 3. Bb5 a6 4. Bxc6 dxc6 5. Nc3 Qf6 6. d4 exd4 7. Nxd4 Bd7 8.
Be3 O-O-O 9. Qe2 Bb4 10. O-O Nh6 11. Nb3 Rhe8 12. Nc5 Bxc5 13. Bxc5 Qe5 14. Be3
Ng4 15. f4 Qe7 16. Rae1 f5 17. e5 Be6 18. h3 Nxe3 19. Qxe3 Qb4 20. b3 Qd4 21.
Kf2 c5 22. Rd1 Qb4 23. Ne2 Qb6 24. c4 Qc6 25. Nc3 h6 26. Qf3 Qb6 27. Nd5 Qa5
28. Qe2 c6 29. Ne3 Rd4 30. Rxd4 cxd4 31. Nc2 d3 32. Qxd3 Rd8 33. Qg3 Qd2+ 34.
Kg1 Qxc2 35. Qg6 Kb8 36. Qxe6 g5 37. Qxh6 gxf4 38. Qxf4 Rg8 39. Rf2 1-0

[Event "23rd Chicago Open"]
[Site "Wheeling, IL"]
[Date "2014.05.26"]
[Round "8.10"]
[White "Harmon Vellotti, Luke"]
[Black "Hoyos, Manuel"]
[Result "0-1"]
[WhiteElo "2396"]
[BlackElo "2525"]
[PlyCount "78"]
[EventDate "2014.05.??"]
[EventRounds "9"]
[EventCountry "USA"]
[SourceDate "2014.01.04"]

1. e4 e5 2. Nf3 Nc6 3. Bb5 a6 4. Ba4 d6 5. Bxc6+ bxc6 6. d4 f6 7. Nc3 g6 8. Be3
Nh6 9. h3 Nf7 10. Qe2 Bg7 11. O-O-O O-O 12. g4 Be6 13. Kb1 Qb8 14. a3 Qb7 15.
Rhg1 Rab8 16. Bc1 Bh6 17. Rd2 Ng5 18. Nxg5 Bxg5 19. d5 Bxd2 20. Qxd2 cxd5 21.
exd5 Bf7 22. Rd1 c6 23. dxc6 Qxc6 24. Nd5 Qxd5 25. Qxd5 Bxd5 26. Rxd5 Rb6 27.
c4 Kf7 28. Be3 Rc6 29. b3 Ke6 30. Kc2 f5 31. Bh6 Rfc8 32. Kc3 Rc5 33. Rxc5 dxc5
34. b4 cxb4+ 35. axb4 f4 36. Bg5 h6 37. Bxh6 Rh8 38. Bg7 Rg8 39. Bh6 g5 0-1

[Event "23rd Chicago Open"]
[Site "Wheeling, IL"]
[Date "2014.05.26"]
[Round "8.13"]
[White "Chandra, Akshat"]
[Black "Velikanov, Alexander"]
[Result "1/2-1/2"]
[WhiteElo "2440"]
[BlackElo "2252"]
[PlyCount "83"]
[EventDate "2014.05.??"]
[EventRounds "9"]
[EventCountry "USA"]
[SourceDate "2014.01.04"]

1. e4 e6 2. d4 d5 3. Nc3 Nf6 4. Bg5 Be7 5. e5 Nfd7 6. Bxe7 Qxe7 7. f4 a6 8. Nf3
c5 9. Qd2 Nc6 10. dxc5 Qxc5 11. O-O-O b5 12. Ne2 O-O 13. Ned4 Nxd4 14. Nxd4 b4
15. g4 a5 16. Bb5 a4 17. Bxd7 b3 18. a3 bxc2 19. Qxc2 Qxc2+ 20. Kxc2 Bxd7 21.
Kd2 Rab8 22. Rb1 f6 23. Ke3 Rb6 24. b4 axb3 25. Rxb3 Ra6 26. Rc1 Rfa8 27. Rc7
R8a7 28. Rxa7 Rxa7 29. Rc3 Kf7 30. h4 Ke7 31. Nc2 Bb5 32. Nb4 Kd7 33. Kd4 Be2
34. exf6 gxf6 35. g5 Bc4 36. gxf6 Kd6 37. Nc2 Rf7 38. Ne3 Rxf6 39. Nxc4+ dxc4
40. Rf3 Rh6 41. Rh3 Rf6 42. Rf3 1/2-1/2

[Event "23rd Chicago Open"]
[Site "Wheeling, IL"]
[Date "2014.05.26"]
[Round "8.14"]
[White "Song, Edward"]
[Black "Ostrovskiy, Aleksandr"]
[Result "1-0"]
[WhiteElo "2233"]
[BlackElo "2436"]
[PlyCount "93"]
[EventDate "2014.05.??"]
[EventRounds "9"]
[EventCountry "USA"]
[SourceDate "2014.01.04"]

1. d4 d5 2. c4 c6 3. Nf3 Nf6 4. Nc3 dxc4 5. a4 a5 6. Ne5 Be6 7. e3 g6 8. Nxc4
Bg7 9. Be2 O-O 10. O-O Na6 11. e4 Nb4 12. Bf4 Nd7 13. d5 cxd5 14. exd5 Bf5 15.
Ne3 Nb6 16. Nxf5 gxf5 17. d6 e6 18. Qd2 Rc8 19. Bg5 f6 20. Bf4 Nc4 21. Qd1 Qd7
22. Qb3 Ne5 23. Rad1 Rfe8 24. Bb5 Nbc6 25. Be3 Nf7 26. Rd2 Bf8 27. Rfd1 Kg7 28.
h3 Rcd8 29. Bb6 Bxd6 30. Bxd8 Rxd8 31. Bc4 Qe7 32. Bxe6 Re8 33. Re2 Nfe5 34.
Bxf5 Bc5 35. Rd7 Nxd7 36. Rxe7+ Rxe7 37. Bxd7 Rxd7 38. Ne4 Be7 39. Qe6 Rd1+ 40.
Kh2 Rd4 41. b3 Rb4 42. Ng3 Kf8 43. Nf5 Bd8 44. Nd6 Kg7 45. Qf7+ Kh6 46. Qf8+
Kh5 47. Qg7 1-0

[Event "23rd Chicago Open"]
[Site "Wheeling, IL"]
[Date "2014.05.26"]
[Round "8.16"]
[White "Yuan, Yuanling"]
[Black "Homa, Seth"]
[Result "0-1"]
[WhiteElo "2230"]
[BlackElo "2331"]
[PlyCount "124"]
[EventDate "2014.05.??"]
[EventRounds "9"]
[EventCountry "USA"]
[SourceDate "2014.01.04"]

1. e4 c5 2. Nf3 e6 3. d4 cxd4 4. Nxd4 Nc6 5. Nc3 Qc7 6. Be3 a6 7. Qd2 Nf6 8. f3
Ne5 9. g4 h6 10. h4 Bb4 11. Rg1 b5 12. g5 hxg5 13. hxg5 Ng8 14. Bf4 Bb7 15.
O-O-O Bxc3 16. Qxc3 Qxc3 17. bxc3 Ng6 18. Bd6 N8e7 19. c4 bxc4 20. Bxc4 Nc8 21.
Ba3 Nb6 22. Bb3 Rc8 23. Rh1 Rg8 24. Rhe1 Nc4 25. Bb4 Ne7 26. f4 g6 27. f5 gxf5
28. exf5 Nd5 29. fxe6 fxe6 30. Nf5 Rxg5 31. Bxc4 Rxf5 32. Bd3 Rf6 33. Bd6 Nf4
34. Bf1 Rc6 35. Rd4 Ng6 36. Bd3 Nf8 37. Be4 Rb6 38. Bc7 Rb5 39. a4 Rc5 40. Bd6
Bxe4 41. Bxc5 Bc6 42. Bd6 Ng6 43. Kb2 Rf5 44. Rg1 Kf7 45. Rdg4 Rf6 46. Re1 Rf5
47. Kb3 e5 48. c4 Rf3+ 49. Kb4 Nf4 50. Ka5 Nd3 51. Ra1 e4 52. Kxa6 Rf6 53. c5
Bxa4 54. Kb6 Bc6 55. Rag1 Ke6 56. Rg5 Rf5 57. Rg6+ Kd5 58. Rd1 Kc4 59. Rg3 Kc3
60. Re3 Kd4 61. Rg3 Kc3 62. Re3 Kc2 0-1

[Event "23rd Chicago Open"]
[Site "Wheeling, IL"]
[Date "2014.05.26"]
[Round "8.18"]
[White "Santarius, Erik"]
[Black "Eckert, Doug"]
[Result "1-0"]
[WhiteElo "2337"]
[BlackElo "2255"]
[PlyCount "73"]
[EventDate "2014.05.??"]
[EventRounds "9"]
[EventCountry "USA"]
[SourceDate "2014.01.04"]

1. e4 e5 2. Nf3 Nf6 3. Nxe5 d6 4. Nf3 Nxe4 5. Nc3 Nxc3 6. dxc3 Be7 7. Bf4 O-O
8. Qd2 Nd7 9. O-O-O b6 10. h4 Bb7 11. h5 Nc5 12. Bc4 Bf6 13. Nd4 Ne4 14. Qe3
Bg5 15. f3 Bxf4 16. Qxf4 Qg5 17. Qxg5 Nxg5 18. h6 g6 19. Rhe1 Rfe8 20. Nb5 Rxe1
21. Rxe1 Kf8 22. Nxc7 Rd8 23. Bd5 Bxd5 24. Nxd5 Re8 25. Rxe8+ Kxe8 26. Kd2 f5
27. Kd3 Kf7 28. Kc4 Ke6 29. Nf4+ Kd7 30. a4 Nf7 31. Nd5 Ke6 32. Nb4 Nxh6 33.
Nc6 a6 34. Nb4 a5 35. Nd5 g5 36. Nxb6 f4 37. b4 1-0

[Event "23rd Chicago Open"]
[Site "Wheeling, IL"]
[Date "2014.05.26"]
[Round "8.19"]
[White "Liang, Awonder"]
[Black "Sapozhnikov, Roman"]
[Result "0-1"]
[WhiteElo "2215"]
[BlackElo "2329"]
[PlyCount "78"]
[EventDate "2014.05.??"]
[EventRounds "9"]
[EventCountry "USA"]
[SourceDate "2014.01.04"]

1. e4 e5 2. Nf3 Nc6 3. d4 exd4 4. Nxd4 Bc5 5. Nb3 Bb6 6. Nc3 Nge7 7. Qe2 O-O 8.
Be3 d6 9. O-O-O f5 10. exf5 Nxf5 11. Bxb6 axb6 12. Kb1 Qf6 13. f4 Nfe7 14. g3
Qg6 15. Bg2 Bg4 16. Bf3 Bxf3 17. Qxf3 Kh8 18. g4 Qf7 19. f5 g6 20. Nb5 Rac8 21.
N5d4 gxf5 22. Rhf1 f4 23. Qc3 Nd5 24. Qd2 Ne3 25. Nf5 Nxd1 26. Qxd1 Qf6 27.
Rxf4 Qe5 28. Rf1 Rce8 29. Qd2 Qe2 30. Qc3+ Re5 31. Qh3 Nb4 32. Rc1 Nd5 33. Nbd4
Qe4 34. Qh6 Rf7 35. Qh5 Rf6 36. a3 Rg6 37. Rg1 c5 38. Rg3 Nf6 39. Qh4 cxd4 0-1

[Event "23rd Chicago Open"]
[Site "Wheeling, IL"]
[Date "2014.05.26"]
[Round "8.20"]
[White "Rizzitano, James"]
[Black "Yanayt, Eugene"]
[Result "0-1"]
[WhiteElo "2316"]
[BlackElo "2226"]
[PlyCount "200"]
[EventDate "2014.05.??"]
[EventRounds "9"]
[EventCountry "USA"]
[SourceDate "2014.01.04"]

1. d4 Nf6 2. c4 g6 3. Nc3 Bg7 4. e4 d6 5. f4 O-O 6. Nf3 c5 7. d5 e5 8. fxe5
dxe5 9. Bd3 Ne8 10. O-O Nd6 11. Bg5 f6 12. Be3 b6 13. Qd2 Nf7 14. a3 Qe7 15. b4
Na6 16. Rfb1 f5 17. Nb5 f4 18. Bf2 g5 19. Bc2 Rd8 20. Ne1 g4 21. Nd3 Ng5 22. d6
Qf7 23. bxc5 Nxe4 24. Qe1 Bb7 25. c6 Bxc6 26. Nb4 Nxb4 27. Bxe4 Bxe4 28. Qxe4
Na6 29. Rd1 Rac8 30. Rd5 Rd7 31. Rad1 Qg6 32. Rxe5 Bxe5 33. Qxe5 Rxc4 34. Bd4
Nc5 35. Qh8+ Kf7 36. Nc7 Rxd4 37. Qxd4 Qe4 38. Qa1 f3 39. Qa2+ Kf8 40. Qd2 Qe2
41. Qh6+ Rg7 42. Qf6+ Kg8 43. Qd8+ Kf7 44. Qe7+ Qxe7 45. dxe7 Kxe7 46. gxf3
gxf3+ 47. Kf2 Rg2+ 48. Kxf3 Rxh2 49. Kf4 Ne6+ 50. Kg3 Rc2 51. Nd5+ Kf7 52. Rf1+
Kg7 53. Re1 Kf7 54. Rf1+ Ke8 55. Nf6+ Ke7 56. Nxh7 Rc3+ 57. Rf3 Rxf3+ 58. Kxf3
Nd4+ 59. Ke4 Nb5 60. Kd5 Kd7 61. Nf6+ Kc7 62. Kc4 Nxa3+ 63. Kb4 Nc2+ 64. Kb5
Kb7 65. Nd5 Nd4+ 66. Kc4 Nc6 67. Kb5 a6+ 68. Kc4 a5 69. Kb5 Na7+ 70. Kc4 Kc6
71. Ne7+ Kd6 72. Nf5+ Ke6 73. Nd4+ Ke5 74. Ne2 Kd6 75. Nd4 Kc7 76. Ne6+ Kb7 77.
Nd4 Ka6 78. Ne6 Nb5 79. Kb3 Nd6 80. Ka4 b5+ 81. Kb3 Kb6 82. Nf4 Nf5 83. Ne6 Kc6
84. Nd8+ Kb6 85. Ne6 Ne7 86. Nf4 a4+ 87. Ka3 Ka5 88. Nd3 Nd5 89. Nc5 b4+ 90.
Kb2 Kb5 91. Ne4 Nf4 92. Nd2 Ne6 93. Nf3 a3+ 94. Ka2 Ka4 95. Nd2 Nc5 96. Nc4 b3+
97. Kb1 Kb4 98. Ne3 Ne4 99. Nd5+ Kc5 100. Ne3 Nc3+ 0-1

[Event "23rd Chicago Open"]
[Site "Wheeling, IL"]
[Date "2014.05.26"]
[Round "8.23"]
[White "Boor, Carl"]
[Black "Li, Ethan"]
[Result "1/2-1/2"]
[WhiteElo "2261"]
[BlackElo "2138"]
[PlyCount "113"]
[EventDate "2014.05.??"]
[EventRounds "9"]
[EventCountry "USA"]
[SourceDate "2014.01.04"]

1. d4 Nf6 2. c4 e6 3. Nc3 Bb4 4. Qc2 O-O 5. Nf3 c5 6. dxc5 Na6 7. g3 Nxc5 8.
Bg2 Nce4 9. O-O Nxc3 10. bxc3 Be7 11. e4 d6 12. e5 dxe5 13. Nxe5 Qc7 14. Qe2
Nd7 15. Bf4 Nxe5 16. Bxe5 Bd6 17. Bxd6 Qxd6 18. Qe3 Qc7 19. a4 Bd7 20. a5 Bc6
21. Qc5 Rfc8 22. Bxc6 Qxc6 23. Qxc6 Rxc6 24. Rab1 b6 25. axb6 axb6 26. Rfd1
Rxc4 27. Rxb6 Rxc3 28. Rb7 g5 29. Rdd7 Rf3 30. Kg2 Rf5 31. Ra7 Rb8 32. Rdb7 Rc8
33. Rc7 Rb8 34. Rcb7 Rd8 35. Rd7 Rxd7 36. Rxd7 g4 37. Rd4 h5 38. Kf1 Rd5 39.
Ra4 Rd1+ 40. Kg2 Kg7 41. h3 f5 42. hxg4 hxg4 43. Ra8 Kf7 44. Rb8 Kf6 45. Ra8
Ke5 46. Ra5+ Ke4 47. Ra4+ Rd4 48. Ra1 e5 49. Ra8 Rb4 50. Ra7 Rc4 51. Ra8 Kd3
52. Rf8 f4 53. gxf4 exf4 54. Rg8 Ke2 55. Re8+ Kd3 56. Rg8 Ke2 57. Re8+ 1/2-1/2

[Event "23rd Chicago Open"]
[Site "Wheeling, IL"]
[Date "2014.05.26"]
[Round "8.27"]
[White "Dougherty, Michael"]
[Black "Francisco, Richard"]
[Result "0-1"]
[WhiteElo "2132"]
[BlackElo "2263"]
[PlyCount "132"]
[EventDate "2014.05.??"]
[EventRounds "9"]
[EventCountry "USA"]
[SourceDate "2014.01.04"]

1. d4 Nf6 2. c4 e6 3. Nc3 Bb4 4. e3 c5 5. Nge2 cxd4 6. exd4 O-O 7. a3 Be7 8. g3
d5 9. cxd5 Nxd5 10. Bg2 Nc6 11. O-O Bf6 12. Ne4 Be7 13. N2c3 Nb6 14. Be3 Nc4
15. b4 Nxe3 16. fxe3 Rb8 17. Nc5 Bg5 18. Re1 Ne7 19. Nd3 Nf5 20. Nf4 b6 21. Ne4
Bh6 22. Nf2 Bxf4 23. gxf4 Nh4 24. Be4 f5 25. Bh1 Bb7 26. d5 Bxd5 27. Bxd5 exd5
28. Nd3 d4 29. Ne5 Qd5 30. Qd2 Rbd8 31. Qf2 Ng6 32. exd4 Qxd4 33. Nxg6 hxg6 34.
Rac1 Rf7 35. Qxd4 Rxd4 36. Rc8+ Kh7 37. h4 g5 38. h5 gxf4 39. Re6 Rfd7 40. Rf8
Re4 41. Rxe4 fxe4 42. Rxf4 e3 43. Re4 Rd3 44. a4 Ra3 45. a5 bxa5 46. bxa5 Rxa5
47. Rxe3 Rxh5 48. Re7 a5 49. Ra7 Rf5 50. Kg2 Kh6 51. Kg3 g6 52. Ra6 Kg5 53. Ra7
Rb5 54. Ra6 Kf5 55. Kg2 g5 56. Rc6 Ke4 57. Kf2 Kd4 58. Ke2 Rc5 59. Ra6 Kc4 60.
Kd2 Kb4 61. Rb6+ Rb5 62. Re6 a4 63. Kc2 Rc5+ 64. Kb1 Rc4 65. Re3 g4 66. Kb2 Kc5
0-1